LEADER 04338nam 2200553 450 001 9910466218303321 005 20200520144314.0 010 $a981-4762-41-5 024 7 $a10.1355/9789814762410 035 $a(CKB)3710000001100287 035 $a(UkCbUP)CR9789814762410 035 $a(OCoLC)978669236 035 $a(MdBmJHUP)muse56017 035 $a(MiAaPQ)EBC5124081 035 $a(DE-B1597)492372 035 $a(DE-B1597)9789814762410 035 $a(Au-PeEL)EBL5124081 035 $a(CaPaEBR)ebr11464902 035 $a(EXLCZ)993710000001100287 100 $a20171205h20172017 uy 0 101 0 $aeng 135 $aur||||||||||| 181 $ctxt$2rdacontent 182 $cc$2rdamedia 183 $acr$2rdacarrier 200 00$aOutward foreign direct investment in ASEAN /$fedited by Cassey Lee, Sineenat Sermcheep 210 1$aSingapore :$cISEAS Yusof Ishak Institute,$d2017. 210 4$d©2017 215 $a1 online resource (xix, 231 pages) $cdigital, PDF file(s) 300 $aIssued as part of book collections on Project MUSE. 311 $a981-4762-40-7 320 $aIncludes bibliographical references at the end of each chapters and index. 327 $tFrontmatter -- $tCONTENTS -- $tLIST OF TABLES -- $tLIST OF FIGURES -- $tFOREWORD / $rChirathivat, Suthiphand -- $tABOUT THE CONTRIBUTORS -- $tINTRODUCTION / $rLee, Cassey / Sermcheep, Sineenat -- $t1. The Rise of Outward Foreign Direct Investment from ASEAN / $rSermcheep, Sineenat -- $t2. ASEAN's Outward Foreign Direct Investment / $rChongvilaivan, Aekapol / Menon, Jayant -- $t3. The Impact of the ASEAN Economic Community on Outward FDI in ASEAN Countries / $rSirivunnabood, Pitchaya -- $t4. Determinants of Singapore's Outward FDI / $rLee, Cassey / Lee, Chew Ging / Yeo, Michael -- $t5. Outward Foreign Direct Investment from Malaysia / $rYean, Tham Siew / Nee, Teo Yen / Yi, Andrew Kam Jia -- $t6. Indonesia's Outward Foreign Direct Investment / $rSambodo, Maxensius Tri -- $t7. Factors Influencing Thailand's Outward FDI / $rCheewatrakoolpong, Kornkarun / Satchachai, Panutat -- $t8. Outward Foreign Direct Investment: The Case of Vietnam / $rThu, Hoang Thi -- $t9. Myanmar as a Destination for OFDI: A New ASEAN Foreign Investment Frontier / $rVerbiest, Jean-Pierre A. / Naing, Tin Htoo -- $tIndex 330 $aThe level of outward foreign direct investment (OFDI) flows from ASEAN countries has increased rapidly in past two decades. This book examines OFDI trends and patterns in the ASEAN region including the impact of the ASEAN Economic Community. It also provides analyses of country policies affecting OFDI and the drivers of OFDI in Indonesia, Malaysia, Singapore and Vietnam. Myanmar is studied as an investment frontier for other ASEAN countries. "The dynamic economies of Southeast Asia have historically been very large recipients of foreign direct investment (FDI). As global capital markets have opened up, and these economies have developed their technological and commercial capabilities, in more recent years Southeast Asia has emerged as a significant source of outward FDI both within the region and beyond. This important volume, by a group of leading regional scholars, offers a timely, comprehensive, accessible and authoritative analysis of this phenomenon." -- Hal Hill, H.W. Arndt Professor of Southeast Asian Economies, Arndt-Corden Department of Economics, Crawford School of Public Policy, Australian National University "A timely, rich and comprehensive study filling a major gap in the literature on the increasingly important phenomenon of foreign investment flowing out from regions including developing and middle-income countries." -- Luke Nottage, Professor of Comparative and Transnational Business Law; Associate Director, Centre for Asian and Pacific Law at the University of Sydney 606 $aInvestments, Southeast Asian 606 $aInvestments, Foreign$zSoutheast Asia 608 $aElectronic books. 615 0$aInvestments, Southeast Asian. 615 0$aInvestments, Foreign 676 $a332.6730959 702 $aLee$b Cassey 702 $aSineenat Sermcheep 801 0$bMiAaPQ 801 1$bMiAaPQ 801 2$bMiAaPQ 906 $aBOOK 912 $a9910466218303321 996 $aOutward foreign direct investment in ASEAN$92460559 997 $aUNINA LEADER 09772nam 22012135 450 001 996500668703316 005 20221205051307.0 010 $a3-86859-793-X 035 $a(CKB)5580000000489481 035 $a(DE-B1597)635547 035 $a(DE-B1597)9783868597936 035 $a(MiAaPQ)EBC7158555 035 $a(Au-PeEL)EBL7158555 035 $a(MiAaPQ)EBC30346300 035 $a(Au-PeEL)EBL30346300 035 $a(OCoLC)1353268943 035 $a(EXLCZ)995580000000489481 100 $a20221205h20222023 fg 101 0 $ager 135 $aur||||||||||| 181 $ctxt$2rdacontent 182 $cc$2rdamedia 183 $acr$2rdacarrier 200 00$aMobility Design $eDie Zukunft der Mobilität gestalten Band 2: Forschung /$fhrsg. von Peter Eckart, Martin Knöll, Martin Lanzendorf, Kai Vöckler 205 $a1st ed. 210 1$aBerlin : $cJOVIS Verlag GmbH, $d[2022] 210 4$d©2023 215 $a1 online resource (264 p.) 311 $a3-86859-742-5 327 $tFrontmatter -- $tInhalts -- $tEinleitung -- $tMobilitätsdesign: Forschung zur Gestaltung klimaschonender und nachhaltiger Mobilität -- $tIntermodale Mobilität gestalten und erforschen -- $tMobility Design -- $tMobilitätsdesign: Affordanzen, Atmosphären, Embodiments -- $tDas Offenbacher Modell: Menschbezogene Mobilitätsgestaltung -- $tMobilität durch Design gestalten? Eine Perspektive transdisziplinärer Mobilitätsforschung -- $tMobility Design Guide: Zukünftige Mobilität greifbar und erlebbar machen -- $tConnective Mobility: Strukturen neuer Mobilität gestalten -- $tVeränderungen im Mobilitätsverhalten durch Veränderungen im soziokulturellen und physischen Umfeld: Eine psychologische Perspektive -- $tMobilität als Schlüssel zur lebenswerten Stadt -- $tLanglaufende Fokusgruppen als Methode in der Mobilitätsforschung -- $tPraxisgeleitete Designforschung (I): Gestaltung von Transitsituationen im öffentlichen Verkehr -- $tPraxisgeleitete Designforschung (II): Das »Prinzip Rikscha«. Innovative Mikromobile in das bestehende Mobilitätssystem integrieren -- $tActive Mobility: Gestaltung aktiver Mobilität -- $tBlaue Bewegungsräume: Der Frankfurter Mainkai aus Sicht einer gesundheitsförderlichen Stadtgestaltung -- $tRadfahren und Radplanung in Frankfurt am Main und Washington, D. C. -- $tStraßen mit Erholungsfaktor: Ein Rahmenkonzept zur Erfassung des Einflusses städtischer Straßenräume auf Fußgängerfreundlichkeit und mentale Gesundheit -- $tFahrradstraßen: Den Radverkehr durch Gestaltung unterstützen -- $tPraxisgeleitete Designforschung (III): Fahrradmobilität neu konfigurieren und in das Verkehrssystem integrieren -- $tStraßensperrung als experimentelles Gestaltungsmittel in der Stadtplanung zur Förderung der aktiven Mobilität: Das Fallbeispiel Frankfurter Mainkai -- $tAugmented Mobility: Erweiterte Mobilität -- $tDen öffentlichen Verkehr neu erfinden: Autonome Flotten statt Linienbusse -- $tVirtual Reality im Mobilitätsdesign: Experimentelle Forschung zum Einsatz von VR-Simulationen -- $tSerious Games und Gamification zur Förderung eines umweltfreundlichen Mobilitätsverhaltens -- $tSpielerische Anreize für nachhaltige, intermodale Mobilität in der mobilen, nutzendenzentrierten Applikation »FlowMo« -- $tVisionary Mobility: Ausblick auf eine neue Mobilität -- $tGestaltung einer Datenumgebung: Mobilität und die Zukunft der Städte -- $tPerspektiven der Gestaltung erweiterter Mobilität -- $tTransport in Transition: Thesen zur Zukunft der urbanen Mobilität und zur Rolle des Mobilitätsdesigns -- $tImpressum 330 $aClimate change, increasing resource scarcity, and rising traffic volumes are forcing us to develop new environmentally friendly and people-oriented mobility options. With the expansion of digital information systems, we will soon be able to reconfigure different modes of transport to suit our needs. These developments represent a significant challenge for designing a wide range of different mobility spaces. While Volume 1 of this series focused on practical aspects, Volume 2 collects research methods and findings from the fields of design, architecture, urban planning, geography, social sciences, traffic planning, psychology, and communication technologies. The book?s consideration of the possibilities and prospects of usercentred mobility design offers an important contribution to the ongoing debate concerning the mobility revolution. 330 $aKlimawandel und Ressourcenverknappung, aber auch der stetig steigende Verkehrsaufwand machen es unabdingbar, neue Lösungen für eine umweltschonende und menschenfreundliche Mobilität zu entwickeln. Mit dem Ausbau digitaler Informationssysteme werden wir zukünftig unterschiedliche Verkehrsträger entsprechend unseren Bedürfnissen leicht kombinieren können. Diese Entwicklungen sind für die Gestaltung verschiedener Mobilitätsräume eine große Herausforderung. Lag der Schwerpunkt in Band 1 auf der Praxis, versammelt Band 2 nun Forschungen aus den Bereichen Design, Architektur, Stadtplanung, Geografie, Sozialwissenschaft, Verkehrsplanung, Psychologie und Kommunikationstechnologie. Die aktuelle Diskussion über die Verkehrswende wird um die Perspektive des nutzer*innenzentrierten Mobilitätsdesigns erweitert. 606 $aARCHITECTURE / Urban & Land Use Planning$2bisacsh 610 $aMobility. 610 $abicycle. 610 $acar-free. 610 $acar. 610 $aclimate change. 610 $aclimate-friendly. 610 $aelectromobility. 610 $afuture studies. 610 $ahealth. 610 $ainfrastructure. 610 $ainnovation. 610 $amobility change. 610 $amobility concept. 610 $amobility design. 610 $amobility transition. 610 $apublic transport. 610 $aresource scarcity. 610 $arethinking. 610 $asupply chains. 610 $asustainability. 610 $aurban development. 610 $aurban planning. 615 7$aARCHITECTURE / Urban & Land Use Planning. 702 $aAlbrecht$b Janina, $4ctb$4https://id.loc.gov/vocabulary/relators/ctb 702 $aBlitz$b Andreas, $4ctb$4https://id.loc.gov/vocabulary/relators/ctb 702 $aBuehler$b Ralph, $4ctb$4https://id.loc.gov/vocabulary/relators/ctb 702 $aCanzler$b Weert, $4ctb$4https://id.loc.gov/vocabulary/relators/ctb 702 $aDavid$b Erwan, $4ctb$4https://id.loc.gov/vocabulary/relators/ctb 702 $aDuarte$b Fábio, $4ctb$4https://id.loc.gov/vocabulary/relators/ctb 702 $aEckart$b Peter, $4ctb$4https://id.loc.gov/vocabulary/relators/ctb 702 $aEckart$b Peter, $4edt$4http://id.loc.gov/vocabulary/relators/edt 702 $aGorman$b Claire, $4ctb$4https://id.loc.gov/vocabulary/relators/ctb 702 $aGöbel$b Stefan, $4ctb$4https://id.loc.gov/vocabulary/relators/ctb 702 $aHaustein$b Sonja, $4ctb$4https://id.loc.gov/vocabulary/relators/ctb 702 $aHekmati$b Björn, $4ctb$4https://id.loc.gov/vocabulary/relators/ctb 702 $aHinde$b Stephen, $4ctb$4https://id.loc.gov/vocabulary/relators/ctb 702 $aJensen$b Ole B., $4ctb$4https://id.loc.gov/vocabulary/relators/ctb 702 $aKnie$b Andreas, $4ctb$4https://id.loc.gov/vocabulary/relators/ctb 702 $aKnöll$b Martin, $4ctb$4https://id.loc.gov/vocabulary/relators/ctb 702 $aKnöll$b Martin, $4edt$4http://id.loc.gov/vocabulary/relators/edt 702 $aKrajewski$b Andrea, $4ctb$4https://id.loc.gov/vocabulary/relators/ctb 702 $aLanzendorf$b Martin, $4ctb$4https://id.loc.gov/vocabulary/relators/ctb 702 $aLanzendorf$b Martin, $4edt$4http://id.loc.gov/vocabulary/relators/edt 702 $aLe-Hoa Võ$b Melissa, $4ctb$4https://id.loc.gov/vocabulary/relators/ctb 702 $aMoeckl$b Anna-Lena, $4ctb$4https://id.loc.gov/vocabulary/relators/ctb 702 $aMondschein$b Andrew, $4ctb$4https://id.loc.gov/vocabulary/relators/ctb 702 $aMüggenburg$b Hannah, $4ctb$4https://id.loc.gov/vocabulary/relators/ctb 702 $aMüller$b Philipp, $4ctb$4https://id.loc.gov/vocabulary/relators/ctb 702 $aPandit$b Lakshya, $4ctb$4https://id.loc.gov/vocabulary/relators/ctb 702 $aRammler$b Stephan, $4ctb$4https://id.loc.gov/vocabulary/relators/ctb 702 $aRatti$b Carlo, $4ctb$4https://id.loc.gov/vocabulary/relators/ctb 702 $aReinfeld$b Nicole, $4ctb$4https://id.loc.gov/vocabulary/relators/ctb 702 $aReitmaier$b Sabine, $4ctb$4https://id.loc.gov/vocabulary/relators/ctb 702 $aRoe$b Jenny, $4ctb$4https://id.loc.gov/vocabulary/relators/ctb 702 $aRudolph-Cleff$b Annette, $4ctb$4https://id.loc.gov/vocabulary/relators/ctb 702 $aSanti$b Paolo, $4ctb$4https://id.loc.gov/vocabulary/relators/ctb 702 $aSchwarze$b Julian, $4ctb$4https://id.loc.gov/vocabulary/relators/ctb 702 $aSchäfer$b Petra, $4ctb$4https://id.loc.gov/vocabulary/relators/ctb 702 $aShelton$b Brian, $4ctb$4https://id.loc.gov/vocabulary/relators/ctb 702 $aSteinmetz$b Ralf, $4ctb$4https://id.loc.gov/vocabulary/relators/ctb 702 $aStolte$b Dana, $4ctb$4https://id.loc.gov/vocabulary/relators/ctb 702 $aTeoman$b Denis, $4ctb$4https://id.loc.gov/vocabulary/relators/ctb 702 $aTregel$b Thomas, $4ctb$4https://id.loc.gov/vocabulary/relators/ctb 702 $aVöckler$b Kai, $4ctb$4https://id.loc.gov/vocabulary/relators/ctb 702 $aVöckler$b Kai, $4edt$4http://id.loc.gov/vocabulary/relators/edt 801 0$bDE-B1597 801 1$bDE-B1597 906 $aBOOK 912 $a996500668703316 996 $aMobility Design$92994155 997 $aUNISA